Das Lebesgue-Stieltjes-Integral /

Guardado en:
Autor Principal: Kamke, E. 1890-1961.
Formato: Libro
Idioma:German
Publicado: Leipzig : B. G. Teubner, 1960.
Edición:2. verb. Aufl.
Etiquetas: Agregar Etiqueta
Sin Etiquetas, Sea el primero en etiquetar este registro!
LEADER 00475nam a22001575a 4500
001 MAT.inmabb001392
008 031124s1960####gw############000#0#ger#d
005 20170815143447.0
245 1 4 |a Das Lebesgue-Stieltjes-Integral /  |c von E. Kamke. 
250 |a 2. verb. Aufl. 
260 |a Leipzig :  |b B. G. Teubner,  |c 1960. 
300 |a vi, 226 p. ;  |c 22 cm. 
510 4 |a MR,  |c 23 #A2498 
100 1 |a Kamke, E.  |q (Erich),  |d 1890-1961. 
084 |a 28.00  |2 MR 
859 |h 28  |i K15-2  |p A-1656  |b BIB. MATEMATICA